Un extraño ulular traía el viento : (Registro nro. 30113)
[ vista simple ]
| 000 -CABECERA | |
|---|---|
| campo de control de longitud fija | 00486nam a2200157 a 4500 |
| 001 - NÚMERO DE CONTROL | |
| campo de control | 000030621 |
| 005 - FECHA Y HORA DE LA ÚLTIMA TRANSACCIÓN | |
| campo de control | 20240226130804.0 |
| 008 - DATOS DE LONGITUD FIJA--INFORMACIÓN GENERAL | |
| campo de control de longitud fija | 110525s1985 dr a r 000 p spa d |
| 040 ## - FUENTE DE LA CATALOGACIÓN | |
| Centro catalogador/agencia de origen | DO-SdBNP |
| Lengua de catalogación | spa |
| Centro/agencia transcriptor | BNPHU |
| 082 ## - NÚMERO DE LA CLASIFICACIÓN DECIMAL DEWEY | |
| Número de clasificación | xxxx |
| Número de documento/Ítem | V635e |
| 100 1# - ENTRADA PRINCIPAL--NOMBRE DE PERSONA | |
| Nombre de persona | Vicioso, Sherezada, |
| Fechas asociadas al nombre | 1948- |
| 9 (RLIN) | 19504 |
| 245 13 - MENCIÓN DE TÍTULO | |
| Título | Un extraño ulular traía el viento : |
| Resto del título | poemas / |
| Mención de responsabilidad, etc. | Chiqui Vicioso. |
| 260 ## - PUBLICACIÓN, DISTRIBUCIÓN, ETC. | |
| Lugar de publicación, distribución, etc. | Santo Domingo : |
| Nombre del editor, distribuidor, etc. | Alfa & Omega, |
| Fecha de publicación, distribución, etc. | 1985. |
| 300 ## - DESCRIPCIÓN FÍSICA | |
| Extensión | 82 p. : |
| Otras características físicas | il. ; |
| Dimensiones | 28 cm. |
| 500 ## - NOTA GENERAL | |
| Nota general | Inventariado, 2019/BT |
| Estado de retiro | Estado de pérdida | No para préstamo | Código de colección | Localización permanente | Ubicación/localización actual | Ubicación en estantería | Fecha de adquisición | Número de inventario | Total de préstamos | Signatura topográfica completa | Código de barras | Fecha visto por última vez | Número de copia | Precio válido a partir de | Tipo de ítem Koha | Nota pública | Restricciones de uso |
|---|---|---|---|---|---|---|---|---|---|---|---|---|---|---|---|---|---|
| Excluido de préstamo | Patrimonio Dominicano | General | General | Depósito | 29.07.2019 | LF1 | xxxx V635e | 30621-20 | 25.06.2020 | e.2 | 25.06.2020 | Libro y Folleto Colección Patrimonio Dominicano | Perteneció a la biblioteca personal de Bárbara Suncar. | ||||
| Excluido de préstamo | Raros y valiosos | Patrimonio Dominicano | Patrimonio Dominicano | Depósito | 25.05.2011 | LF1 | xxxx V635e | 30621-10 | 25.06.2020 | e.2 | 25.06.2020 | No se presta | Perteneció a la biblioteca personal de Aída Cartagena Portalatín. Dedicado por la autora. |
